Central Library OPAC University of Rajshahi
Normal view MARC view

Entry Uniform Title

Number of records used in: 6

001 - CONTROL NUMBER

  • control field: 5054

003 - CONTROL NUMBER IDENTIFIER

  • control field: BD-RjUL

005 - DATE AND TIME OF LATEST TRANSACTION

  • control field: 20220928112915.0

008 - FIXED-LENGTH DATA ELEMENTS

  • fixed length control field: 220928|| aca||aabn | a|a d

040 ## - CATALOGING SOURCE

  • Original cataloging agency: BD-RjUL
  • Transcribing agency: BD-RjUL

130 ## - HEADING--UNIFORM TITLE

  • Uniform title: Maʿārif (Tehran, Iran)

670 ## - SOURCE DATA FOUND

  • Source citation: Work cat.: (BD-RjUL)80458: ibn qutayba # # ابن قتيبه 5053, Maʿārif.# # , 1984-